驻地最靠东的20个县级行政区 The 20 easternmost county-level administrative regions - Statistics

General Stats
  • This quiz has been taken 49 times
  • The average score is 11 of 20
Answer Stats
东经 北纬 县区 % Correct
134.30 48.36 抚远市
98%
131.12 45.26 鸡东县
71%
132.50 47.64 同江市
69%
131.14 44.41 绥芬河市
69%
132.93 45.76 虎林市
67%
132.03 47.25 富锦市
67%
131.84 45.53 密山市
64%
134.01 46.79 饶河县
55%
132.19 46.33 宝清县
55%
131.80 46.77 友谊县
55%
131.12 44.09 东宁市
52%
131.13 46.73 集贤县
50%
131.06 45.78 茄子河区
50%
131.33 46.59 四方台区
48%
131.85 47.29 绥滨县
45%
131.15 46.64 尖山区
43%
131.01 45.76 桃山区
40%
131.39 46.58 宝山区
38%
131.16 46.59 岭东区
38%
131.00 45.34 城子河区
36%
No matching quizzes found
Score Distribution
Percent of People with Each Score
Percentile by Number Answered
Your Score History
You have not taken this quiz